Práca nadčas

Právna úprava práce nadčas.

Enregistré dans:
Détails bibliographiques
Auteur principal: Mrukviová Tomiová, Sandra
Format: Chapitre de livre
Langue:slovaque
Sujets:
Tags: Ajouter un tag
Pas de tags, Soyez le premier à ajouter un tag!

MARC

LEADER 00000naa a2200000 4500
001 0207505
005 20231120135256.9
041 0 |a slo 
044 |a SK 
245 1 0 |a Práca nadčas  |c Sandra Mrukviová Tomiová 
520 |a Právna úprava práce nadčas. 
610 2 0 |a čas pracovný 
610 2 0 |a práca nadčasová 
610 2 0 |a zvýhodnenie mzdové 
100 1 |a Mrukviová Tomiová, Sandra